Στο κέντρο της απεραντοσύνης
Saved in:
| Main Author: | |
|---|---|
| Format: | Book |
| Language: | Greek |
| Published: |
Αθήνα :
Νέα Σύνορα,
1999
|
| Series: | Σειρά Επιστήμη (Εκδόσεις Νέα Σύνορα)
|
| Subjects: | |
| Tags: |
Add Tag
No Tags, Be the first to tag this record!
|
MARC
| LEADER | 00000nam a2200000 i 4500 | ||
|---|---|---|---|
| 001 | 1/99549 | ||
| 008 | 000626s1999 gre d | ||
| 020 | |a 960-14-0027-3 | ||
| 035 | |l 10056928 | ||
| 040 | |a GR-MY-UA |b gre |e aacr | ||
| 041 | 0 | |a gre | |
| 082 | 0 | |a 520 | |
| 100 | 1 | |a Τομπουλίδης, Χαρίτων. | |
| 245 | 1 | 0 | |a Στο κέντρο της απεραντοσύνης / |c Χαρίτων Τομπουλίδης |
| 260 | |a Αθήνα : |b Νέα Σύνορα, |c 1999 | ||
| 300 | |a 173 σ.; |b εικ.; |c 21 εκ. | ||
| 490 | 1 | |a Σειρά Επιστήμη (Εκδόσεις Νέα Σύνορα) | |
| 504 | |a Περιέχει βιβλιογραφία | ||
| 650 | 0 | 0 | |a Astronomy. |
| 830 | 0 | |a Σειρά Επιστήμη (Εκδόσεις Νέα Σύνορα) | |
| 852 | |a INST |b SAMOS |e 20000626 |h 520 ΤΟΜ |p 005300015878 |q 005300015878 |t BK |y 0 | ||
| 901 | |a BIBL3-2000-2 | ||
| 909 | |a Σ |b 071810 | ||
| 922 | |a 3ΕΛΗ |b 199912 |c ΒΙΒΛΙΟΘΗΚΗ |d ΠΑΠΑΣΩΤΗΡΙΟΥ | ||
| 950 | |a 127-1999-11-23 | ||
| 970 | |z 2000/06/ΠΑΝΤΖΑΛΗ | ||